Statistics for Western (Economic) Countries

Click here to take the quiz!

General Stats

  • This quiz has been taken 39 times
  • The average score is 39 of 48

Answer Stats

ContinentCountry% Correct
North AmericaCanada
97%
North AmericaUnited States
97%
EuropeUnited Kingdom
92%
OceaniaAustralia
89%
EuropeAustria
89%
EuropeBelgium
89%
EuropeFrance
89%
EuropeGermany
89%
EuropeIreland
89%
EuropeAndorra
86%
South AmericaArgentina
86%
EuropeDenmark
86%
EuropeFinland
86%
EuropeItaly
86%
EuropeLuxembourg
86%
EuropeNetherlands
86%
EuropePoland
86%
EuropePortugal
86%
EuropeSpain
86%
EuropeSweden
86%
EuropeSwitzerland
86%
South AmericaChile
83%
EuropeCzech Republic
83%
EuropeEstonia
83%
EuropeGreece
83%
EuropeLatvia
83%
EuropeLithuania
83%
EuropeNorway
83%
EuropeSan Marino
83%
EuropeSlovenia
83%
EuropeIceland
81%
EuropeMalta
81%
EuropeSlovakia
81%
North AmericaBahamas
78%
EuropeHungary
78%
South AmericaUruguay
78%
EuropeVatican City
78%
EuropeCroatia
75%
EuropeCyprus
75%
EuropeMonaco
75%
North AmericaSt Kitts and Nevis
75%
OceaniaNew Zealand
72%
North AmericaBarbados
69%
North AmericaCosta Rica
69%
North AmericaPanama
69%
EuropeLiechtenstein
67%
North AmericaAntigua and Barbuda
64%
North AmericaTrinidad and Tobago
53%

Score Distribution

Percentile by Number Answered

Percent of People with Each Score

Your Score History

You have not taken this quiz